Notas bibliográficas de Medina Sidonia (Record no. 166224)

MARC details
000 -LEADER
campo de control de longitud fija 00689nam a22001935i 4500
001 - NÚMERO DE CONTROL
campo de control 166224
003 - IDENTIFICADOR DE NÚMERO DE CONTROL
campo de control ES-MaACL
005 - FECHA Y HORA DE LA ÚLTIMA TRANSACCIÓN
campo de control 20250410063056.0
008 - DATOS DE LONGITUD FIJA--INFORMACIÓN GENERAL
campo de control de longitud fija 020322s1909 sp |||| | spa d
040 ## - FUENTE DE CATALOGACIÓN
Centro catalogador/agencia de origen NA
Lengua de catalogación spa
Centro/agencia transcriptor NA
100 1# - ENTRADA PRINCIPAL--NOMBRE DE PERSONA
Nombre de persona Thebussem,
Títulos y otros términos asociados al nombre Doctor,
Fechas asociadas al nombre 1828-1918
9 (RLIN) 109885
245 10 - MENCIÓN DEL TÍTULO
Título Notas bibliográficas de Medina Sidonia
Resto del título : articulos varios y jeroglíficos /
Mención de responsabilidad, etc. por el Doctor Thebussem.
260 ## - PUBLICACIÓN, DISTRIBUCIÓN, ETC.
Lugar de publicación, distribución, etc. Madrid :
Nombre del editor, distribuidor, etc. [s.n.],
Fecha de publicación, distribución, etc. 1909 (
Fabricante [sucesores de Rivadeneyra])
300 ## - DESCRIPCIÓN FÍSICA
Extensión XII, 121 p. ;
Dimensiones 23 cm.
596 #1 - NOTA AL PIE DE IMPRENTA
NOTA AL PIE DE IMPRENTA Impresores tomados del final de texto.
651 #4 - PUNTO DE ACCESO ADICIONAL DE MATERIA--NOMBRE GEOGRÁFICO
Nombre geográfico Medina-Sidonia-
Subdivisión general Historia.
9 (RLIN) 137256
852 ## - LOCALIZACIÓN
Ubicación ES-MaACL
Número de control de estantería D-388
Nota libre -- Rúst.
Holdings
Estatus retirado Estado de pérdida Estado de daño No para préstamo Biblioteca de origen Biblioteca actual Ubicación en estantería Fecha de adquisición Fuente de adquisición Total de préstamos Signatura topográfica completa Código de barras Visto por última vez Precio de reemplazo Tipo de ítem Koha
        Biblioteca del Ateneo de Madrid Biblioteca del Ateneo de Madrid Sala Valle Inclán 17/01/2008     D-388 901174324 23/02/2023 23/02/2023 Libro impreso